000
00260nam a22001097a 4500
082
_a
684.08 HAY'R
100
_a
HAYCOCK, A. H
_9
57396
245
_a
ROUTING PRINCIPLES OF MACHINE WOODWORKING
260
_a
LONDON
_b
TECHNICAL
_c
1953
300
_a
83P
942
_c
BK
999
_c
568339
_d
568339